000 00538nam a2200181Ia 4500
003 GCL
008 140319s9999 xx 000 0 ara d
040 _aGCL /
_cGCL
082 0 4 _a001.5
_bم م
100 1 _aماجى الحلوانى
245 1 0 _aمدخل الى الاذاعات المواجهة /
_cماجى الحلوانى
300 _a184 ص
490 _aالهيئة العامة للاستعلامات
_v0
650 0 4 _aالاعلام
650 0 4 _aوسائل الاعلام
650 0 4 _aالاذاعة
942 _2ddc
_cBK
999 _c51897
_d51897